000 00213nam a2200097 a 4500
005 20200930065558.0
008 110714s2004 000 spa d
245 0 _aRecuerdos.
260 _c[s.f.].
999 _c31808
_d31808
040 _aDO-SdBNP